000 00449nam a2200193Ia 4500
005 20240913125310.0
008 240913s9999||||xx |||||||||||||| ||und||
020 _a0-14-013779-3
041 _aENGLISH
082 _A155.22 NO
100 _aBond,Edward De
245 0 _aLateral Thinking
250 _a1st
260 _c1990
_bPenguin Books,En
500 _aREFERENCE
650 _aGeneral Studies
_bGeneral
942 _cREF
999 _c245252
_d245252